Línea Política de los Revolucionarios Guatemaltecos.

Guardado en:
Bibliografiske detaljer
Format: Bog
Sprog:spansk
Udgivet: México : Nuestro Tiempo, 1988
Fag:
Tags: Tilføj Tag
Ingen Tags, Vær først til at tagge denne postø!

MARC

LEADER 00000nam^a2200000^a^4500
001 000024024
005 20250521000000.0
009 20260310084555.673
020 |a 968-427-151-4 
037 |a Acervo ITESO - Biblioteca 
041 |a ESP 
082 |a 322. 42  |b UNI 
245 1 0 |a Línea Política de los Revolucionarios Guatemaltecos. 
264 1 |a México :  |b Nuestro Tiempo,  |c 1988 
300 |a 169 p. 
336 |a texto  |b txt  |2 rdacontenido 
337 |a sin mediación  |b n  |2 rdamedio 
338 |a volumen  |b nc  |2 rdasoporte 
649 |a XX 
650 |a Movimientos Sociales -  |z Guatemala 
650 |a Movimientos Sociales -  |z Guatemala 
650 |a Movimientos Sociales -  |z Guatemala 
910 |a Fondo General 
920 |a Impresos - Libros 
930 |a Colección General 
905 |a 101 
901 |a 0240240100  |b IT1  |c ACC  |i 024024  |u 20250521 
902 |a https://opac.biblio.iteso.mx/vufind/Record/000024024